| 000 | 01792nam0a2200349 i 4500 | ||
|---|---|---|---|
| 001 | RU\NLR\bibl\1910918 | ||
| 005 | 20240921113012.0 | ||
| 010 |
_a9785979303611 _9500 |
||
| 021 |
_aRU _b2012-35196 _92615 |
||
| 035 | _a(NLR Aleph) 001900454 | ||
| 090 |
_a3041166 _c3041166 |
||
| 100 | _a20120605d2011 k y0rusy50 ca | ||
| 101 | 0 |
_arus _dara |
|
| 102 | _aRU | ||
| 105 | _aa ||||||||| | ||
| 200 | 1 |
_aФинансовове регулирование регионального агропромышленного комплекса _fИ.Ц. Доржиева, О.И. Русакова, В.И. Тимофеев, Р.Л. Мадаева _gМ-во сел. хоз-ва Рос. Федерации, Бурят. с.-х. акад. им. В.Р. Филиппова |
|
| 210 |
_aУлан-Удэ _cИзд-во Бурятского госуниверситета _d2011 |
||
| 215 |
_a289, [1] c. _cил. _d20 |
||
| 300 | _aРез. на англ. яз. | ||
| 320 | _aБиблиогр.: с. 236-250 (245 назв.) | ||
| 606 | 1 |
_aАгропромышленные комплексы _xФинансовые отношения _yРоссийская Федерация _92218065 _3RU\NLR\auth\661332044 |
|
| 686 | _aУ32(2)-93(2Р) | ||
| 701 | 1 |
_aДоржиева _bИ. Ц. _gИрина Цырендашиевна _4070 |
|
| 701 | 1 |
_aРусакова _bО. И. _gОксана Игоревна _4070 |
|
| 701 | 1 |
_4070 _aТимофеев _bВ. И. _cканд. экон. наук, сельское хозяйство _gВладимир Иванович _9253329 _3RU\NLR\AUTH\770253385 |
|
| 701 | 1 |
_aМадаева _bР. Л. _gРаиса Леонидовна _4070 |
|
| 801 | 0 |
_aRU _bNLR _c20120605 _gRCR |
|
| 801 | 1 |
_aRU _bNLR _c20120605 |
|
| 942 | _cBOOK | ||
| 980 | _aNBR | ||